000 00685nam a22001937a 4500
005 20240212171521.0
010 _aENG-139209
020 _c825.00
_a9789356061590
035 _aEN-122741
037 _bDBAD/PUB
082 _a004.22
_211
100 _aStallings, Williams
_961986
245 _aComputer Organization And Architecture:
_bDesigning for Performance/
_cBy Williams Stallings
250 _a11
260 _aUttar Pradesh
_bPearson India Education Pvt Ltd
_c2022
270 _bUttar Pradesh
_a15th FLoor, Tower-B, World Trade Tower, Plot No.1, Block- C, Sector-16, Noida
_e201301
300 _a889p.
_c24cm(pb)
_bIndex
942 _2ddc
_cEN
_h004.22
_mSTA
_e11
999 _c200693
_d200693